00804nam a2200193 a 450000100100000000500170001000800410002702000150006804000250008324501010010826000720020930000210028149000400030270000420034271000610038483000430044595201050048899900170059300003920820201002031538.0130611s1999 sp 000 0 spa d a8400078268 aDO-SdBNPbspacBNPHU00aAproximación al teatro español universitario (TEU) /ceditor Luciano García Lorenzo (ed.). aMadrid :bConsejo Superior de Investigaciones Científicas,c1999. a310 p. ;c25 cm.1 aAnejos de revista de literaturav461 aGarcía Lorenzo, Lucianoeed.9126172 aConsejo Superior de Investigaciones Científicas,94786 0aAnejos de revista de literatura915426 001050718MOaGRbGRcCTd2013-06-11iLF1l0o p39208-10r2020-06-25w2020-06-25y1ZNo se presta c38698d38698